000 00278nam a2200121Ia 4500
100 _aMalvino.A.P
942 _cBK
654 _aelectronic
245 _aElectronic instrumentation and fundamentals
260 _bMcGraw Hill
_aNew york
_c1967
300 _a465
546 _aENGLISH
999 _c34353
_d34353